Loreto College Library, Kolkata
WEBOPAC (ONLINE PUBLIC ACCESS CATALOGUE)

Lord Curzon (Record no. 28690)

MARC details
000 -LEADER
fixed length control field 00632nam a2200217Ia 4500
008 - FIXED-LENGTH DATA ELEMENTS--GENERAL INFORMATION
fixed length control field 131103s9999 xx 000 0 und d
020 ## - ISBN | অাই এস বি এন
ISBN | অাই এস বি এন 0 19 562824 1
PRICE Rs.350.00
040 ## - CATALOGING SOURCE
Original cataloging agency Loreto College
041 ## - LANGUAGE CODE
Language code English
082 ## - DDC | ডিউই
Classification number | বর্গসংখ্যা 954/GOR
Book Number | গ্রন্থাঙ্ক LCBED/11772
100 ## - MAIN ENTRY--PERSONAL NAME | মুখ্য সংলেখ - ব্যাক্তিনাম
Personal name | ব্যাক্তিনাম Goradia, Nayana
245 ## - TITLE STATEMENT | অাখ্যা বিবরণী
Title | অাখ্যা Lord Curzon
Sub title | উপঅাখ্যা the last of the british moghuls
Statement of responsibility | লেখকের দায়িত্বের বিবরণ Nayana Goradia
260 ## - IMPRINT | প্রকাশনা ক্ষেত্র
Place of publication | প্রকাশ স্থান Delhi
Name of publisher | প্রকাশকের নাম Oxford University Press
Date of publication | প্রকাশ কাল 1994
300 ## - PHYSICAL DESCRIPTION |
Page / Vol. No | পৃষ্ঠা / খন্ড সংখ্যা xii,309p.
Other physical details | অনান্য বাহ্যিক বিবরণ ill.
504 ## - BIBLIOGRAPHY, ETC. NOTE
Bibliography, etc Includes bibliography, index & notes
630 ## - SUBJECT ADDED ENTRY--UNIFORM TITLE
Uniform title India - History
650 ## - SUBJECT ADDED ENTRY--TOPICAL TERM | বিষয় শিরোনাম - মূল বিষয়
Topical term | মূল বিষয় Curzon,Lord
651 ## - SUBJECT ADDED ENTRY--GEOGRAPHIC NAME | বিষয় শিরোনাম - ভৌগলিক নাম
Geographic name | ভৌগলিক বিষয় History
850 ## - HOLDING INSTITUTION
Holding institution LCBED/954/GOR
942 ## - ADDED ENTRY ELEMENTS (KOHA)
Koha item type Books
Holdings
Withdrawn status Lost status Damaged status Not for loan Home library Current library Date acquired Total Checkouts Full call number Accession No. Date last seen Price effective from Koha item type
        Loreto College Loreto College 04/11/2013   954/GOR LCBED/11772 B31538 04/11/2013 04/11/2013 Books